00286nam a2200121Ia 4500008004100000100002400041245002000065260002700085300000800112650002000120942000700140999001700147190216s9999||||xx |||||||||||||| ||und|| aKottayam Pushpanath 0aDrakula Asiayil bD C Books Keralac1967 a156 aMalayalam Novel cBK c27555d27555